| 000 | 01443cam a2200373 a 4500 | ||
|---|---|---|---|
| 001 | ocn132793373 | ||
| 003 | TZ-ArACH | ||
| 005 | 20151203173831.0 | ||
| 008 | 021018s2000 sa b 001 0 eng d | ||
| 020 | _a9041115102 | ||
| 020 | _a9789041115102 | ||
| 035 | _a(OCoLC)132793373 | ||
| 035 | _a(CStRLIN)CUBL02-B5591 | ||
| 040 |
_aMH-L _cTZ-ArACH |
||
| 041 | _aEng | ||
| 043 |
_aa-ja--- _ae-gx--- _an-cn--- |
||
| 049 | _aTZAA | ||
| 050 | 4 |
_aK3165 _b.V46 |
|
| 100 | 1 |
_aVenter, F. _93310 |
|
| 245 | 1 | 0 |
_aConstitutional comparison : Japan, Germany, Canada, and South Africa as constitutional states _bJapan, Germany, Canada, and South Africa as constitutional states / _cFrancois Venter. |
| 260 |
_aCape Town, South Africa : _bJuta ; _aCambridge, MA, USA : _bKluwer Law International, _c2000. |
||
| 300 |
_axxxv, 274 p. ; _c25 cm. |
||
| 504 | _aIncludes bibliographical references (p. xi-xxviii) and index. | ||
| 650 | 0 |
_aConstitutional law _zJapan. _93311 |
|
| 650 | 0 |
_aDroit constitutionnel _xÉtudes comparatives. _93312 |
|
| 650 | 0 |
_aConstitutional law _zGermany. _93313 |
|
| 650 | 0 |
_aConstitutional law _zCanada. _93314 |
|
| 650 | 0 |
_aConstitutional law _zSouth Africa. _93315 |
|
| 650 | 0 |
_aDroit comparé. _93316 |
|
| 907 | _a.o2722483 | ||
| 942 |
_2lcc _cBOOK |
||
| 999 |
_c1416 _d1416 |
||